000 00261nam a2200097Ia 4500
001 803880
005 20250826171123.0
008 250824s9999 xx 000 0 und d
245 0 _aABDÜLHAMİD İN KURTLARLA DANSI 3
_cMUSTAĞA ARMAĞAN
260 _bKETEBE YAYINLARI
999 _c803880
_d803880